000 00360nam a22001457a 4500
020 _a978-93-83080-07-6
082 _a894.812.
_bGOP/M
100 _aGOPINATHAPILLA, VATTAPARAMBIL
245 _aMALAYALA VYAKARAVAVUM RACHANAYUM
260 _aTHRISSUR
_bH & C PUBLISHERS
_c2020
300 _a224
520 _aMALAYALAM GRAMMAR
650 _aGRAMMAR
942 _cBK
999 _c7197
_d7197